Tödlichste Epidemien und Pandemien pro Jahrhundert - Statistiken

Allgemein
  • Dieses Quiz wurde 111 mal gespielt
    25 seit der letzten Aktualisierung
  • Das Durchschnittsergebnis liegt bei 11 aus 15
Antwortstatistiken
Jh. Jahre Gebiet Übertragungsweg Tote Krankheit % Korrekt
18 1772-1773 Süd- und Westasien Parasiten 2 Mio. Beulenpest
100%
17 1656-1658 Italien Parasiten 1,25 Mio. Beulenpest
100%
7 627-628 Levante Parasiten 25.000+ Beulenpest
100%
638-639 Levante Parasiten 25.000+ Beulenpest
100%
19 1855-1960 weltweit Parasiten, (Luft) 12-15 Mio. Beulenpest / Lungenpest
100%
6 541-549 Europa, Westasien, Nordafrika Parasiten 15-100 Mio. Justinianische Pest / Beulenpest
100%
14 1346-1353 Europa, Asien,Nordafrika Parasiten 25-50 Mio. Schwarzer Tod / Beulenpest
100%
seit 2019 weltweit Luft, (Oberflächen), (Säugetiere) 7,1-33,5 Mio. COVID-19
95%
21 seit 1981 weltweit Körperflüssigkeiten 25,1-29 Mio. (seit 2000) HIV / AIDS
84%
20 1918-1920 weltweit Luft, (Säugetiere) 17-100 Mio. Spanische Grippe / Influenza A
84%
2 165-180 Römisches Reich Luft 7-10 Mio. Antoninische Pest / Pocken
47%
8 735-737 Japan Luft 1-2 Mio. Pocken
47%
3 217 China Verunreinigte Nahrung 2 Mio. Typhus
11%
16 1545-1548 Mexiko Verunreinigte Nahrung 5-15 Mio. Cocolitztli / Salmonellen
5%
15 1489 Spanien Parasiten 17.000 Fleckfieber
5%
Keine übereinstimmenden Quizze gefunden
Verteilung der Resultate
Anzahl Personen mit jedem Resultat
Perzentil nach korrekt beantworteten Fragen
Ihre Resultats-Entwicklung
Sie haben dieses Quiz seit der letzten Aktualisierung nicht gespielt